Economías domésticas en la era de la policrisis: Poder adquisitivo y clase media en una ciudad provincial griega (notice n° 1671170)

détails MARC
000 -LEADER
fixed length control field 01813cam a2200157 4500500
005 - DATE AND TIME OF LATEST TRANSACTION
control field 20260301000223.0
041 ## - LANGUAGE CODE
Language code of text/sound track or separate title fre
042 ## - AUTHENTICATION CODE
Authentication code dc
100 10 - MAIN ENTRY--PERSONAL NAME
Personal name Angelidou, Aliki
Relator term author
245 00 - TITLE STATEMENT
Title Economías domésticas en la era de la policrisis: Poder adquisitivo y clase media en una ciudad provincial griega
260 ## - PUBLICATION, DISTRIBUTION, ETC.
Date of publication, distribution, etc. 2026.<br/>
500 ## - GENERAL NOTE
General note 11
520 ## - SUMMARY, ETC.
Summary, etc. Este artículo trata sobre las estrategias adoptadas ante la actual policrisis por tres hogares de una ciudad provincial del oeste de Grecia. El análisis se basa en una concepción relacional y sintética del concepto de «clase media», que tiene en cuenta tanto las diversas definiciones de los actores sociales como las relaciones de poder estructurales más amplias que dan forma a estas definiciones. Los hogares urbanos proponen diferentes criterios para identificarse con esta última, a saber, la propiedad inmobiliaria, el empleo público o el consumo. Como sugiere nuestro análisis, el consumo y la demostración del poder adquisitivo, aunque sea limitado, sirven en última instancia para formar parte de la clase media, cuando se han perdido todas las demás posibilidades de pertenecer a ella. El poder adquisitivo se aborda entonces no solo como un indicador económico, sino también como un elemento de la identidad individual y colectiva que se encuentra en plena redefinición en un momento de reestructuración socioeconómica. Por otra parte, esta búsqueda de la preservación de su estatus social lleva a los hogares a conformarse con las transformaciones globales actuales que, en la mayoría de los casos, no hacen más que agravar su situación.
786 0# - DATA SOURCE ENTRY
Note L'Homme | 255-256 | 3-4 | 2026-01-27 | p. 51-74 | 0439-4216
856 41 - ELECTRONIC LOCATION AND ACCESS
Uniform Resource Identifier <a href="https://shs.cairn.info/revista-lhomme-2025-3-4-page-51?lang=es&redirect-ssocas=7080">https://shs.cairn.info/revista-lhomme-2025-3-4-page-51?lang=es&redirect-ssocas=7080</a>

Pas d'exemplaire disponible.

PLUDOC

PLUDOC est la plateforme unique et centralisée de gestion des bibliothèques physiques et numériques de Guinée administré par le CEDUST. Elle est la plus grande base de données de ressources documentaires pour les Étudiants, Enseignants chercheurs et Chercheurs de Guinée.

Adresse

627 919 101/664 919 101

25 boulevard du commerce
Kaloum, Conakry, Guinée

Réseaux sociaux

Powered by Netsen Group @ 2025